Nothing But Thieves - Nothing But Thieves (Album) - Statistiques

Statistiques générales
  • Ce quiz a été pris 7 fois
  • Le résultat moyen est 9 sur 16
Statistiques - réponses
Indice Réponse % Correct
2. Ban All the Music
71%
6. Graveyard Whistling
71%
9. Lover, Please Stay
71%
16. Six Billion
71%
8. Trip Switch
71%
13. Honey Whiskey
57%
7. Hostage
57%
5. If I Get High
57%
4. Itch
57%
15. Neon Brother
57%
3. Wake Up Call
57%
10. Drawing Pins
43%
1. Excuse Me
43%
11. Painkiller
43%
12. Tempt You (Evocatio)
43%
14. Hanging
29%
Aucun quiz correspondant
Distribution des résultats
% des personnes avec chaque résultat
Percentile par nombre de réponses
Votre historique - résultats
Vous n’avez pas pris ce quiz